000 00984nam a2200253 i 4500
001 bg
100 1 _aGołębiowski, Jerzy
_d(1943- ).
245 1 0 _aCOP :
_bdzieje industrializacji w rejonie bezpieczeństwa 1922-1939 /
_cJerzy Gołębiowski.
260 _aKraków :
_bWydaw. Naukowe AP,
_c2000.
300 _a309, [3] s. :
_bil., mapy ;
_c24 cm.
490 1 _aPrace Monograficzne / Akademia Pedagogiczna im. Komisji Edukacji Narodowej w Krakowie,
_x0239-6025 ;
_vnr 284
500 _aStreszcz. ang.
504 _aBibliogr. - Indeksy.
650 9 _aPrzemysł wojenny
_xhistoria
_xzagadnienia
_zPolska
_y1918-1939 r.
651 9 _aCentralny Okręg Przemysłowy
_xhistoria
830 0 _aPrace Monograficzne (Akademia Pedagogiczna im. Komisji Edukacji Narodowej w Krakowie) ;
_vnr 284
020 _a8372710228
040 _cBPK
041 0 _apl
_ben
080 _a338.45::623(438)"1918/1939"
920 _a83-7271-022-8
942 _cKS
008 s pl f |000 0 pol
999 _c39224
_d39224
856 _uhttp://koha.tu.koszalin.pl/cgi-bin/koha/opac-detail.pl?biblionumber=39224
_yKatalog online BPK